Atkins' Physical chemistry (Record no. 3317)

000 -LEADER
fixed length control field 00619nam a2200217 a 4500
001 - CONTROL NUMBER
control field 3317
003 - CONTROL NUMBER IDENTIFIER
control field BD-DhUET
008 - FIXED-LENGTH DATA ELEMENTS--GENERAL INFORMATION
fixed length control field 020621s2002 enka b 001 0 eng
020 ## - INTERNATIONAL STANDARD BOOK NUMBER
International Standard Book Number 0199255792
040 ## - CATALOGING SOURCE
Original cataloging agency UKM
Transcribing agency UKM
Modifying agency BD-DhUET
082 00 - DEWEY DECIMAL CLASSIFICATION NUMBER
Classification number 541
Item number ATK/2002
100 ## - MAIN ENTRY--PERSONAL NAME
Personal name Atkins, Peter
245 10 - TITLE STATEMENT
Title Atkins' Physical chemistry
Statement of responsibility, etc. by Peter Atkins and Julio De Pauls
250 ## - EDITION STATEMENT
Edition statement 7th ed.
260 ## - PUBLICATION, DISTRIBUTION, ETC. (IMPRINT)
Place of publication, distribution, etc. New York
Name of publisher, distributor, etc. Oxford University Press,
Date of publication, distribution, etc. 2002.
300 ## - PHYSICAL DESCRIPTION
Extent xxi, 1149 p.
Other physical details ill. ;
Dimensions 28 cm.
504 ## - BIBLIOGRAPHY, ETC. NOTE
Bibliography, etc Includes bibliographies
650 #0 - SUBJECT ADDED ENTRY--TOPICAL TERM
Topical term or geographic name as entry element Chemistry, Physical and theoretical.
700 1# - ADDED ENTRY--PERSONAL NAME
Personal name De Paula, Julio.
942 ## - ADDED ENTRY ELEMENTS (KOHA)
Koha item type General Book
Holdings
Price effective from Location (home branch) Koha out on loan Source of classification or shelving scheme Koha normalized classification for sorting Date acquired Koha date last seen Damaged status Koha full call number Not for loan Lost status Piece designation (barcode) Withdrawn status Koha item type Koha date last borrowed Koha issues (times borrowed) Copy number Sublocation or collection (holding branch) Shelving location
2014-10-26Central Library, BUET2026-04-25 541ATK20022014-10-262026-04-11 541/ATK/2002  96428 General Book2026-04-1151Central Library, BUETCirculation section
2014-10-26Central Library, BUET  541ATK20022014-10-262026-01-04 541/ATK/2002  96430 General Book2025-12-1332Central Library, BUETCirculation section
2015-07-02Central Library, BUET  541_000000000000000_ATK_20022015-07-022015-07-02 541/ATK/2002  96427 Reading Item  3Central Library, BUETReading section
2017-11-04Central Library, BUET2025-10-20 541_000000000000000_ATK_20022002-04-162024-10-20 541/ATK/2002  96429 General Book2024-10-2034Central Library, BUETCirculation section